[Event "DSOL 2021"]
[Site "Germany"]
[Date "2021.02.24"]
[Round "4.4"]
[White "Sewald, Richard"]
[Black "Braun, Ingram"]
[Result "1/2-1/2"]
[WhiteElo "1742"]
[BlackElo "2055"]
[Annotator "TA"]
[PlyCount "182"]
[EventDate "2021.01.18"]
[EventType "team-tourn"]
[EventCountry "GER"]
[SourceTitle "playchess.com"]
[Source "ChessBase"]
[SourceQuality "1"]

1. Nf3 d5 2. g3 Nf6 3. Bg2 g6 4. d3 Bg7 5. c3 O-O 6. Qc2 c5 7. O-O Nc6 8. e4 dxe4 9. dxe4 e5 10. Be3 Qe7 11. Nbd2 b6 12. Rad1 Bb7 13. Rfe1 Rad8 14. Kh1 Ng4 15. Nf1 Rxd1 16. Rxd1 Rd8 17. h3 Rxd1 18. Qxd1 Nf6 19. Bg5 h6 20. Bxf6 Bxf6 21. Ne3 Bg7 22. Nd5 Qd8 23. Nh2 Kf8 24. Nf1 Ne7 25. Nfe3 Nxd5 26. Nxd5 Bxd5 27. exd5 Qd7 28. Bf1 Bf6 29. Kg2 Be7 30. a4 Bd6 31. Bb5 Qf5 32. Qg4 Qxg4 33. hxg4 Ke7 34. Kf3 f5 35. gxf5 gxf5 36. g4 e4+ 37. Ke3 Kf6 38. Bd7 Ke5 39. Bxf5 Kxd5 40. Bxe4+ Ke6 41. Bg6 Kf6 42. Be4 Kg5 43. f3 Be5 44. Kd3 a6 45. Kc4 Bd6 46. Bb7 Kf4 47. Bxa6 Kxf3 48. Bc8 Ke4 49. Bf5+ Ke5 50. Bd7 Bc7 51. Bc8 Kd6 52. Kb5 Bd8 53. Bf5 Kc7 54. a5 bxa5 55. Kxc5 Bg5 56. Kb5 Bc1 57. b3 Bd2 58. Kc4 Kb6 59. Kd3 Be1 60. Kd4 Bd2 61. Bd7 Be1 62. Be8 Bd2 63. c4 Bb4 64. Kd5 Ba3 65. Ke6 Kc5 66. Kd7 Bc1 67. Bf7 Bd2 68. Be6 Bc3 69. Bf7 Bd2 70. Bg6 Bc3 71. Bc2 Bd2 72. Bg6 Bc3 73. Ke6 Bd2 74. Kf5 Bc3 75. Bf7 Bd2 76. Kg6 Bc1 77. Kf5 Bd2 78. Ke4 Bc3 79. Kd3 Bg7 80. Ke4 Bc3 81. Be8 Bb2 82. Kf5 Bc3 83. Ke6 Bb2 84. Kd7 Bc3 85. Kc7 Bd2 86. Kb7 Be1 87. Ka6 Bd2 88. Bf7 Be1 89. Kb7 Bd2 90. Kc7 Bc3 91. Kd7 Bd2 1/2-1/2

[Event "DSOL 2021"]
[Site "Germany"]
[Date "2021.02.23"]
[Round "4.4"]
[White "Akingboye, Michael"]
[Black "Heckmann, Torsten"]
[Result "1-0"]
[WhiteElo "1712"]
[BlackElo "1822"]
[Annotator "NA"]
[PlyCount "71"]
[EventDate "2021.01.18"]
[EventType "team-tourn"]
[EventCountry "GER"]
[SourceTitle "playchess.com"]
[Source "ChessBase"]
[SourceQuality "1"]

1. d4 Nf6 2. c4 c5 3. d5 b5 4. cxb5 a6 5. Nc3 axb5 6. Nxb5 d6 7. Nc3 g6 8. e4 Bg7 9. Bb5+ Bd7 10. Bc4 O-O 11. h3 Qa5 12. Bd2 Qb6 13. Rb1 e6 14. Nf3 exd5 15. exd5 Bf5 16. Rc1 Re8+ 17. Be3 Nbd7 18. O-O Ne4 19. Nb5 Ne5 20. Nxe5 Bxe5 21. b4 Bd7 22. a4 Qd8 23. Bd3 Bg7 24. Qc2 Ng3 25. Rfe1 Nf5 26. Bxf5 Bxf5 27. Qb3 Re4 28. bxc5 dxc5 29. Bxc5 Qe8 30. Rxe4 Qxe4 31. Nd6 Qxa4 32. Qxa4 Rxa4 33. Nxf5 gxf5 34. d6 Bf6 35. d7 Kg7 36. Bb6 1-0

[Event "DSOL 2021"]
[Site "Germany"]
[Date "2021.02.22"]
[Round "4.4"]
[White "Hasselmeyer, Albert"]
[Black "Lenz, Jonas"]
[Result "1/2-1/2"]
[WhiteElo "1710"]
[BlackElo "1868"]
[Annotator "NA RC"]
[PlyCount "49"]
[EventDate "2021.01.18"]
[EventType "team-tourn"]
[EventCountry "GER"]
[SourceTitle "playchess.com"]
[Source "ChessBase"]
[SourceQuality "1"]

1. c4 g6 2. g3 Bg7 3. Bg2 c5 4. Nc3 e6 5. Nf3 Nc6 6. d4 cxd4 7. Nb5 d5 8. cxd5 exd5 9. O-O Nge7 10. Nbxd4 O-O 11. b3 Re8 12. Bb2 Nf5 13. Nxc6 bxc6 14. Bxg7 Kxg7 15. Nd4 Nxd4 16. Qxd4+ Qf6 17. Qxf6+ Kxf6 18. e3 a5 19. Rfc1 Bd7 20. Rc5 Reb8 21. e4 a4 22. bxa4 Rxa4 23. exd5 Rxa2 24. Re1 cxd5 25. Bxd5 1/2-1/2

[Event "DSOL 2021"]
[Site "Germany"]
[Date "2021.02.24"]
[Round "4.4"]
[White "Striebeck, Enno"]
[Black "Schulze, Lara"]
[Result "0-1"]
[WhiteElo "1697"]
[BlackElo "2285"]
[Annotator "TA"]
[PlyCount "84"]
[EventDate "2021.01.18"]
[EventType "team-tourn"]
[EventCountry "GER"]
[SourceTitle "playchess.com"]
[Source "ChessBase"]
[SourceQuality "1"]

1. d4 Nf6 2. c4 e6 3. Nc3 Bb4 4. Bg5 h6 5. Bh4 b6 6. a3 Bxc3+ 7. bxc3 Ba6 8. e3 Nc6 9. Bd3 Na5 10. Qe2 d6 11. Nf3 Qe7 12. O-O O-O 13. e4 e5 14. Bg3 Nd7 15. Nh4 g6 16. f4 Kh7 17. f5 Rae8 18. Rf2 Nf6 19. Raf1 g5 20. dxe5 dxe5 21. Ng6 fxg6 22. fxg6+ Kg7 23. Bxe5 Qxe5 24. Rf5 Qe6 25. e5 Nd7 26. Rf7+ Rxf7 27. gxf7 Rf8 28. Qe4 Rxf7 29. Qh7+ Kf8 30. Rxf7+ Qxf7 31. Qxh6+ Qg7 32. Qe6 Nc5 33. Qf5+ Ke7 34. Be2 Bxc4 35. Bh5 Be6 36. Qf3 Qxe5 37. h3 Qe1+ 38. Kh2 Qe4 39. Qd1 Nc4 40. Bf3 Qf4+ 41. Kh1 Ne5 42. Bh5 Ne4 0-1

[Event "DSOL 2021"]
[Site "Germany"]
[Date "2021.02.25"]
[Round "4.4"]
[White "Hummel, Felician"]
[Black "Schranz, Patrick"]
[Result "1-0"]
[WhiteElo "1691"]
[BlackElo "1543"]
[Annotator "NA RC"]
[PlyCount "93"]
[EventDate "2021.01.18"]
[EventType "team-tourn"]
[EventCountry "GER"]
[SourceTitle "playchess.com"]
[Source "ChessBase"]
[SourceQuality "1"]

1. d4 d5 2. Nf3 Bg4 3. e3 Nf6 4. h3 Bxf3 5. Qxf3 Nc6 6. c4 dxc4 7. Bxc4 e5 8. Bb5 e4 9. Qe2 Bb4+ 10. Bd2 Bxd2+ 11. Nxd2 O-O 12. Bxc6 bxc6 13. O-O Rb8 14. Nb3 Qd6 15. Rac1 Nd5 16. Nc5 Nb4 17. Nxe4 Qg6 18. Nc5 Rfd8 19. b3 Nd5 20. Nd3 Re8 21. Ne5 Qe4 22. Qf3 Qxf3 23. gxf3 Re6 24. Rxc6 Rxc6 25. Nxc6 Rb6 26. Rc1 Ra6 27. Rc5 h6 28. Rxd5 Rxc6 29. Rc5 Rg6+ 30. Kf1 Ra6 31. a4 Rb6 32. Rxc7 Rxb3 33. Rxa7 Rb1+ 34. Kg2 Kf8 35. d5 Rd1 36. e4 f5 37. a5 fxe4 38. fxe4 Rd4 39. f3 Rd2+ 40. Kg3 Rd3 41. a6 g5 42. Rb7 h5 43. a7 h4+ 44. Kg4 Ra3 45. Rb8+ Ke7 46. a8=Q Rxa8 47. Rxa8 1-0

[Event "DSOL 2021"]
[Site "Germany"]
[Date "2021.02.24"]
[Round "4.4"]
[White "Abed, Karim"]
[Black "Lanwehr, Klaus"]
[Result "0-1"]
[WhiteElo "1626"]
[BlackElo "1620"]
[Annotator "NA RC"]
[PlyCount "78"]
[EventDate "2021.01.18"]
[EventType "team-tourn"]
[EventCountry "GER"]
[SourceTitle "playchess.com"]
[Source "ChessBase"]
[SourceQuality "1"]

1. d4 d5 2. c4 c6 3. Nc3 Nf6 4. Bg5 e6 5. e3 Be7 6. Nf3 h6 7. Bh4 O-O 8. Bd3 Nbd7 9. O-O dxc4 10. Bxc4 Nd5 11. Bxe7 Qxe7 12. Re1 Rd8 13. e4 Nc7 14. Qc2 b6 15. d5 cxd5 16. exd5 Nf6 17. dxe6 Bxe6 18. Bxe6 Nxe6 19. Rad1 Rxd1 20. Qxd1 Qb4 21. Qc2 Rd8 22. a3 Qc5 23. Qa4 a5 24. Qb3 Nd4 25. Nxd4 Rxd4 26. Na4 Qd5 27. Qc2 Rd2 28. Qc8+ Kh7 29. Nxb6 Qd4 30. Qf5+ g6 31. Qf3 Qxb6 32. g3 Rxb2 33. Re7 Kg7 34. h4 Rb5 35. Qe2 Rb1+ 36. Kh2 Rb2 37. Rxf7+ Kxf7 38. Qc4+ Kg7 39. Kh3 Rxf2 0-1

[Event "DSOL 2021"]
[Site "Germany"]
[Date "2021.02.22"]
[Round "4.4"]
[White "Jasarevic, Izudin"]
[Black "Eichhorn, Robin"]
[Result "1-0"]
[WhiteElo "1620"]
[BlackElo "1646"]
[Annotator "NA RC"]
[PlyCount "105"]
[EventDate "2021.01.18"]
[EventType "team-tourn"]
[EventCountry "GER"]
[SourceTitle "playchess.com"]
[Source "ChessBase"]
[SourceQuality "1"]

1. e4 d6 2. d4 g6 3. Nf3 Bg7 4. Bc4 Nf6 5. Bd3 O-O 6. O-O c5 7. d5 a6 8. Re1 b5 9. c4 bxc4 10. Bxc4 Nbd7 11. Nc3 Rb8 12. h3 Nb6 13. Bb3 Qc7 14. Bf4 Nh5 15. Be3 f5 16. exf5 gxf5 17. Nh4 Nf6 18. Bc2 Nc4 19. Nxf5 Bxf5 20. Bxf5 Rxb2 21. Be6+ Kh8 22. Rb1 Rxb1 23. Qxb1 Rb8 24. Qd3 Nxe3 25. Rxe3 Rb4 26. Qxa6 Qb7 27. Qd3 Rd4 28. Qf5 Qb2 29. g4 h6 30. Bf7 Qc1+ 31. Kg2 Rc4 32. Ne2 Qd2 33. Nf4 Rxf4 34. Qxf4 Nxd5 35. Bxd5 Qxd5+ 36. Qe4 Qxa2 37. Qxe7 Qd2 38. Qe8+ Kh7 39. Qe4+ Kh8 40. Rd3 Qb4 41. Qe8+ Kh7 42. Rxd6 Qb7+ 43. Qc6 Qb4 44. Qd5 Qf4 45. Qd3+ Kg8 46. Rd8+ Kf7 47. Qd5+ Kg6 48. Rd6+ Kh7 49. Rc6 Bf8 50. Qd3+ Kg7 51. Qg6+ Kh8 52. Rf6 Qc7 53. Rxf8# 1-0

[Event "DSOL 2021"]
[Site "Germany"]
[Date "2021.02.26"]
[Round "4.4"]
[White "Kovalskyy, Alicia"]
[Black "Pinto, Phil B"]
[Result "1-0"]
[WhiteElo "1620"]
[BlackElo "1582"]
[Annotator "NA RC"]
[PlyCount "65"]
[EventDate "2021.01.18"]
[EventType "team-tourn"]
[EventCountry "GER"]
[SourceTitle "playchess.com"]
[Source "ChessBase"]
[SourceQuality "1"]
[WhiteTeam "Düsseldorfer SV II"]
[BlackTeam "SG Porz VII"]

1. e4 e5 2. Nf3 Nc6 3. Bc4 h6 4. d4 Nf6 5. dxe5 Nxe4 6. Qd5 Qe7 7. Qxe4 d6 8. Bb5 Bd7 9. O-O a6 10. Bxc6 Bxc6 11. Qe3 O-O-O 12. Qa7 dxe5 13. Nbd2 g5 14. Re1 Bg7 15. Nd4 e4 16. Nxc6 bxc6 17. Qxa6+ Kd7 18. Rxe4 Qc5 19. Qd3+ Kc8 20. Qh3+ Rd7 21. Rc4 Qb6 22. a3 Bd4 23. Rb4 Bxf2+ 24. Kf1 Qa7 25. b3 Re8 26. Bb2 Re3 27. Qf5 Qa6+ 28. Nc4 Qa7 29. Ne5 Qa6+ 30. c4 Rxe5 31. Bxe5 Qa7 32. Rd1 Bd4 33. Rxd4 1-0

[Event "DSOL 2021"]
[Site "Germany"]
[Date "2021.02.22"]
[Round "4.4"]
[White "Neander, Lenard"]
[Black "Scholz, Christopher"]
[Result "1-0"]
[WhiteElo "1620"]
[BlackElo "1620"]
[Annotator "NA RC"]
[PlyCount "53"]
[EventDate "2021.01.18"]
[EventType "team-tourn"]
[EventCountry "GER"]
[SourceTitle "playchess.com"]
[Source "ChessBase"]
[SourceQuality "1"]

1. e4 c6 2. d4 d5 3. Nd2 dxe4 4. Nxe4 Bf5 5. Ng3 Bg6 6. Nf3 h6 7. Be3 Nf6 8. Be2 e6 9. O-O Be7 10. Qd2 O-O 11. Ne5 Bh7 12. f4 Nd5 13. Bf2 Nd7 14. c4 Bb4 15. Qc1 N5f6 16. Be3 Ne4 17. Nxe4 Bxe4 18. Bf3 Nf6 19. Bxe4 Nxe4 20. f5 Qe7 21. Rf4 Nd6 22. f6 gxf6 23. Rg4+ Kh7 24. Bxh6 Rg8 25. Rh4 Nf5 26. Bf8+ Nxh4 27. Qh6# 1-0

[Event "DSOL 2021"]
[Site "Germany"]
[Date "2021.02.26"]
[Round "4.4"]
[White "Plassonke, Torsten"]
[Black "Tica, Sven"]
[Result "0-1"]
[WhiteElo "1620"]
[BlackElo "2402"]
[Annotator "TA"]
[PlyCount "88"]
[EventDate "2021.01.18"]
[EventType "team-tourn"]
[EventCountry "GER"]
[SourceTitle "playchess.com"]
[Source "ChessBase"]
[SourceQuality "1"]
[WhiteTeam "SG Osnabrück"]
[BlackTeam "SK Dessau I"]

1. e4 c5 2. Nf3 d6 3. Bb5+ Bd7 4. Bxd7+ Qxd7 5. O-O Nc6 6. c3 Nf6 7. d4 cxd4 8. cxd4 d5 9. e5 Ne4 10. Ne1 h6 11. f3 Ng5 12. Nc3 g6 13. Be3 Bg7 14. Qd2 Ne6 15. f4 f5 16. exf6 Bxf6 17. Nf3 Ng7 18. Bf2 Nf5 19. Rad1 O-O-O 20. Qc2 Kb8 21. a3 g5 22. Ne5 Bxe5 23. fxe5 e6 24. Na4 b6 25. b4 Rc8 26. Qb3 Rc7 27. Nc3 Nce7 28. g4 Ng7 29. Be1 Ng6 30. Rf6 Nf4 31. a4 h5 32. Nb5 Rc4 33. Nd6 hxg4 34. Nxc4 dxc4 35. Qxc4 Nf5 36. Rxf5 exf5 37. Bg3 Nh3+ 38. Kf1 f4 39. Be1 Rc8 40. Qd3 Qd5 41. Bf2 Qh1+ 42. Ke2 Qxh2 43. Rf1 f3+ 44. Ke3 Qf4# 0-1

[Event "DSOL 2021"]
[Site "Germany"]
[Date "2021.02.25"]
[Round "4.4"]
[White "Sarré, Sascha"]
[Black "Matthaei, Jakob"]
[Result "0-1"]
[WhiteElo "1620"]
[BlackElo "1919"]
[Annotator "TA"]
[PlyCount "98"]
[EventDate "2021.01.18"]
[EventType "team-tourn"]
[EventCountry "GER"]
[SourceTitle "playchess.com"]
[Source "ChessBase"]
[SourceQuality "1"]

1. e4 e5 2. Nf3 Nc6 3. Bb5 Nf6 4. O-O Nxe4 5. Re1 Nd6 6. Bxc6 dxc6 7. Nxe5 Be7 8. d4 O-O 9. Nd2 Be6 10. Ndf3 Nf5 11. c4 Re8 12. b3 Nh4 13. Nxh4 Bxh4 14. g3 Be7 15. Bb2 Bb4 16. Re3 f6 17. Nd3 Bd6 18. Qe2 Qd7 19. Re1 Bf7 20. Qf3 Bg6 21. Nf4 Bf5 22. Rxe8+ Rxe8 23. Rxe8+ Qxe8 24. Qe3 Qxe3 25. fxe3 Bb1 26. a3 Ba2 27. c5 Bxf4 28. exf4 Bxb3 29. Kf2 Kf7 30. Ke3 Ke6 31. g4 Kd5 32. Kd3 Bd1 33. h3 Bf3 34. Bc1 Bg2 35. h4 Bf3 36. g5 f5 37. Bd2 Be4+ 38. Kc3 Bb1 39. Kb2 Bd3 40. Kc3 Ke4 41. a4 Be2 42. a5 Kf3 43. Kc2 Kg4 44. Be3 Bf3 45. Kd3 Kxh4 46. Bf2+ Kg4 47. Ke3 Be4 48. Be1 h5 49. gxh6 gxh6 0-1

[Event "DSOL 2021"]
[Site "Germany"]
[Date "2021.02.22"]
[Round "4.4"]
[White "Spelleken, Mark"]
[Black "Hansen-Jacobi, Dirk"]
[Result "0-1"]
[WhiteElo "1620"]
[BlackElo "1620"]
[Annotator "NA RC"]
[PlyCount "49"]
[EventDate "2021.01.18"]
[EventType "team-tourn"]
[EventCountry "GER"]
[SourceTitle "playchess.com"]
[Source "ChessBase"]
[SourceQuality "1"]

1. d4 d5 2. Nc3 Bf5 3. Bf4 c6 4. Nf3 Nd7 5. e3 Ngf6 6. Bd3 Bxd3 7. Qxd3 e6 8. O-O-O b5 9. a3 b4 10. Nb1 Ne4 11. Rhf1 a5 12. a4 Ndf6 13. Nbd2 Bd6 14. Ne5 Qc7 15. Nxe4 Nxe4 16. f3 Nf6 17. Bh6 gxh6 18. Ng4 Nxg4 19. fxg4 O-O-O 20. Qa6+ Kb8 21. g3 Rhf8 22. Rf6 Be7 23. Rxh6 Rh8 24. Rf1 Bg5 25. Rh3 0-1

[Event "DSOL 2021"]
[Site "Germany"]
[Date "2021.02.25"]
[Round "4.4"]
[White "Strodthoff, Anton"]
[Black "Vassiliou, Leander"]
[Result "1/2-1/2"]
[WhiteElo "1620"]
[BlackElo "1429"]
[Annotator "NA RC"]
[PlyCount "122"]
[EventDate "2021.01.18"]
[EventType "team-tourn"]
[EventCountry "GER"]
[SourceTitle "playchess.com"]
[Source "ChessBase"]
[SourceQuality "1"]

1. d4 Nf6 2. c4 g6 3. f3 Bg7 4. e4 d6 5. Nc3 O-O 6. Be3 b6 7. Qd2 c5 8. d5 a6 9. a4 Qc7 10. Be2 e6 11. f4 exd5 12. cxd5 Re8 13. Bf3 Bg4 14. Nge2 Nbd7 15. e5 Bxf3 16. exf6 Bxg2 17. Rg1 Nxf6 18. Rxg2 Ne4 19. Nxe4 Rxe4 20. Kf1 Rae8 21. Bg1 Qd7 22. Ng3 Rxa4 23. Rxa4 Qxa4 24. Re2 Rxe2 25. Kxe2 Qc4+ 26. Qd3 Qxd3+ 27. Kxd3 Bxb2 28. Ne4 b5 29. Nxd6 c4+ 30. Kc2 Ba3 31. Nb7 Kf8 32. Kc3 Ke7 33. Bd4 Kd7 34. Be5 h6 35. h4 f6 36. Bxf6 Kc7 37. d6+ Bxd6 38. Nxd6 Kxd6 39. Bg7 h5 40. Kb4 Ke6 41. Ka5 Kf5 42. Kxa6 b4 43. Kb5 c3 44. Kxb4 c2 45. Bb2 Kxf4 46. Kc3 Kg4 47. Kxc2 Kxh4 48. Kd2 Kg3 49. Ke2 Kg2 50. Bf6 Kg3 51. Kf1 h4 52. Kg1 Kg4 53. Kh2 g5 54. Bxg5 Kxg5 55. Kh3 Kh5 56. Kh2 Kg4 57. Kg2 h3+ 58. Kh2 Kh4 59. Kh1 Kg3 60. Kg1 h2+ 61. Kh1 Kh3 1/2-1/2

[Event "DSOL 2021"]
[Site "Germany"]
[Date "2021.02.24"]
[Round "4.4"]
[White "Sundui, Chinguun"]
[Black "Posske, Thore"]
[Result "0-1"]
[WhiteElo "1620"]
[BlackElo "2030"]
[Annotator "TA"]
[PlyCount "44"]
[EventDate "2021.01.18"]
[EventType "team-tourn"]
[EventCountry "GER"]
[SourceTitle "playchess.com"]
[Source "ChessBase"]
[SourceQuality "1"]

1. e4 c6 2. Nf3 d5 3. exd5 cxd5 4. Ne5 Nf6 5. d4 e6 6. c3 Bd6 7. Bd3 Qc7 8. Qe2 Nc6 9. Bf4 Nd7 10. Nxd7 Bxf4 11. Nc5 O-O 12. g3 Bh6 13. f4 e5 14. fxe5 Re8 15. O-O Nxe5 16. Bf5 Bxf5 17. Rxf5 Nc4 18. Qf3 Ne3 19. Na3 Nxf5 20. Qxf5 Re2 21. Nb5 Qe7 22. Rf1 Rxb2 0-1

[Event "DSOL 2021"]
[Site "Germany"]
[Date "2021.02.23"]
[Round "4.4"]
[White "Terlaak, Michael"]
[Black "Muecke, Leonard"]
[Result "0-1"]
[WhiteElo "1620"]
[BlackElo "1651"]
[Annotator "NA RC"]
[PlyCount "162"]
[EventDate "2021.01.18"]
[EventType "team-tourn"]
[EventCountry "GER"]
[SourceTitle "playchess.com"]
[Source "ChessBase"]
[SourceQuality "1"]

1. d4 d5 2. c4 c6 3. Nc3 Nf6 4. Nf3 Bf5 5. e3 e6 6. a3 Bd6 7. c5 Bc7 8. Be2 O-O 9. O-O Nbd7 10. h3 h6 11. Nh2 Nh7 12. Bd3 Qg5 13. e4 Qf6 14. exf5 exf5 15. Nf3 g5 16. g4 fxg4 17. hxg4 Qh8 18. Bxh7+ Qxh7 19. Kg2 Nf6 20. Rh1 Qg7 21. Ne5 Rfe8 22. Qf3 Bxe5 23. dxe5 Rxe5 24. Be3 Rae8 25. Bd4 R5e6 26. Qh3 Kh7 27. Bxf6 Qxf6 28. Qd3+ Kg8 29. Qh3 Kg7 30. Qf3 Qd4 31. Rad1 Qxc5 32. b4 Qb6 33. Na4 Qc7 34. Nc5 Rf6 35. Qc3 Qf4 36. Qg3 Re2 37. Qxf4 Rxf4 38. Nd3 Rxg4+ 39. Kf3 Rge4 40. Rhe1 Rxe1 41. Nxe1 Rf4+ 42. Kg3 Kf6 43. Ng2 Rc4 44. Ne3 Rc3 45. Kg2 Rxa3 46. Ng4+ Kg6 47. Rh1 h5 48. Ne5+ Kf6 49. Nf3 h4 50. Nh2 Rb3 51. Ra1 a6 52. Ra4 d4 53. Nf3 d3 54. Ra1 Rxb4 55. Rd1 Rb3 56. Kf1 c5 57. Ke1 c4 58. Nd4 Rb2 59. Nf3 a5 60. Ra1 c3 61. Rxa5 c2 62. Rc5 Rb1+ 63. Kd2 c1=Q+ 64. Rxc1 Rxc1 65. Kxc1 Kf5 66. Kd2 Ke4 67. Nxg5+ Kf4 68. Nh3+ Kf3 69. Kxd3 Kg2 70. Ng5 h3 71. Nxh3 Kxh3 72. f4 Kg4 73. Ke4 b5 74. f5 f6 75. Kd4 Kxf5 76. Kc5 Ke4 77. Kxb5 f5 78. Kb4 f4 79. Kc3 Ke3 80. Kc2 Ke2 81. Kc1 f3 0-1

[Event "DSOL 2021"]
[Site "Germany"]
[Date "2021.02.23"]
[Round "4.4"]
[White "Wurdig-Falkenberg, Georg"]
[Black "Nikolaus, Michael"]
[Result "1/2-1/2"]
[WhiteElo "1620"]
[BlackElo "1582"]
[Annotator "NA"]
[PlyCount "127"]
[EventDate "2021.01.18"]
[EventType "team-tourn"]
[EventCountry "GER"]
[SourceTitle "playchess.com"]
[Source "ChessBase"]
[SourceQuality "1"]

1. Nf3 d5 2. g3 Nc6 3. Bg2 e5 4. d3 Nf6 5. O-O Be7 6. Nbd2 O-O 7. c3 e4 8. Ne1 Bf5 9. dxe4 dxe4 10. Nc2 Bg6 11. Ne3 Bc5 12. Nb3 Bb6 13. Qxd8 Raxd8 14. Nc4 Rfe8 15. a4 Bh5 16. Re1 a6 17. Nxb6 cxb6 18. h3 Bg6 19. Bg5 h6 20. Bxf6 gxf6 21. Red1 f5 22. Rac1 Kg7 23. Nd4 Kf6 24. f4 Bh5 25. Kf2 Rg8 26. Nc2 Na5 27. Rxd8 Rxd8 28. Nd4 Nc4 29. b3 Nd6 30. e3 Ne8 31. g4 Bg6 32. Bf1 Rc8 33. Bc4 Rc5 34. Be2 Ng7 35. b4 Rc8 36. c4 Ne6 37. Nb3 Bh7 38. a5 bxa5 39. Nxa5 b6 40. Nb3 Rb8 41. Rd1 Ke7 42. Kg3 Ra8 43. Ra1 Bg6 44. c5 bxc5 45. bxc5 a5 46. Nxa5 Kf8 47. c6 f6 48. Bc4 Nc7 49. Nb3 Rxa1 50. Nxa1 fxg4 51. hxg4 Be8 52. Nc2 Bxc6 53. Nd4 Bd7 54. f5 Bc8 55. Kf4 Bb7 56. Ne6+ Nxe6+ 57. Bxe6 Ke7 58. Bb3 Bc6 59. Bc2 Be8 60. Kxe4 Bc6+ 61. Kf4 Bb5 62. Bb3 Kd6 63. e4 Bf1 64. Bd5 1/2-1/2

[Event "DSOL 2021"]
[Site "Germany"]
[Date "2021.02.24"]
[Round "4.4"]
[White "Kautz, Thomas"]
[Black "Steinwender, Dieter"]
[Result "0-1"]
[WhiteElo "1542"]
[BlackElo "1738"]
[Annotator "NA RC"]
[PlyCount "56"]
[EventDate "2021.01.18"]
[EventType "team-tourn"]
[EventCountry "GER"]
[SourceTitle "playchess.com"]
[Source "ChessBase"]
[SourceQuality "1"]

1. d4 Nf6 2. Nf3 c5 3. e3 e6 4. Be2 d5 5. O-O Nc6 6. b3 cxd4 7. Nxd4 e5 8. Nxc6 bxc6 9. Bb2 Bd6 10. c4 O-O 11. Nc3 Bb7 12. Qd2 d4 13. Na4 c5 14. f4 dxe3 15. Qxe3 exf4 16. Qc3 Re8 17. Bf3 Re3 18. Bxb7 Rxc3 19. Bxc3 Rb8 20. Bf3 Nd7 21. Rad1 Qc7 22. Rfe1 Rd8 23. Re2 Ne5 24. Bxe5 Bxe5 25. Rxd8+ Qxd8 26. Kf1 Bd4 27. Bc6 Be3 28. Nxc5 Qd6 0-1

[Event "DSOL 2021"]
[Site "Germany"]
[Date "2021.02.26"]
[Round "4.4"]
[White "Poess, Frank"]
[Black "Oberling, Rudolf"]
[Result "1/2-1/2"]
[WhiteElo "1541"]
[BlackElo "1620"]
[Annotator "NA RC"]
[PlyCount "47"]
[EventDate "2021.01.18"]
[EventType "team-tourn"]
[EventCountry "GER"]
[SourceTitle "playchess.com"]
[Source "ChessBase"]
[SourceQuality "1"]
[WhiteTeam "SV Dinslaken"]
[BlackTeam "SV Walldorf I"]

1. e4 e5 2. Nf3 Nc6 3. d4 exd4 4. Nxd4 Bc5 5. Be3 Qf6 6. c3 Bb6 7. Be2 Nge7 8. O-O Nxd4 9. cxd4 d5 10. Nc3 c6 11. e5 Qh4 12. g3 Qh3 13. Bf3 h5 14. Bg2 Qg4 15. Na4 Nf5 16. Bf3 Nxe3 17. fxe3 Qg5 18. Nxb6 axb6 19. Qe2 h4 20. Qf2 hxg3 21. hxg3 Be6 22. Bg2 Qh6 23. Qf4 Qxf4 24. Rxf4 1/2-1/2

[Event "DSOL 2021"]
[Site "Germany"]
[Date "2021.02.26"]
[Round "4.4"]
[White "Juelg, Gabriel"]
[Black "Modler, Andreas"]
[Result "1-0"]
[WhiteElo "1530"]
[BlackElo "1620"]
[Annotator "NA RC"]
[PlyCount "115"]
[EventDate "2021.01.18"]
[EventType "team-tourn"]
[EventCountry "GER"]
[SourceTitle "playchess.com"]
[Source "ChessBase"]
[SourceQuality "1"]
[WhiteTeam "SK Ettlingen I"]
[BlackTeam "SF Berlin I"]

1. d4 d5 2. c4 dxc4 3. e4 e5 4. Nf3 exd4 5. Bxc4 Bb4+ 6. Nbd2 Nc6 7. O-O Nf6 8. Nb3 O-O 9. e5 Nd5 10. a3 Be7 11. Nbxd4 Nxd4 12. Qxd4 Nb6 13. Bb3 Qxd4 14. Nxd4 c5 15. Nf3 Bf5 16. Be3 c4 17. Bxb6 cxb3 18. Be3 Rfc8 19. Rac1 Bc2 20. Nd4 a5 21. Rfe1 a4 22. Nxc2 bxc2 23. Re2 Ra5 24. Rexc2 Rxc2 25. Rxc2 Rxe5 26. Rc8+ Bf8 27. Kf1 Rd5 28. Ke1 g5 29. Bd2 Kg7 30. Bc3+ f6 31. Rc7+ Kg6 32. Rxb7 Rf5 33. f3 Rf4 34. Ke2 h5 35. g3 Rc4 36. Kd3 Rc6 37. Ra7 Rd6+ 38. Ke2 Re6+ 39. Kf1 Re3 40. Rxa4 Rxf3+ 41. Ke2 g4 42. Rf4 Bxa3 43. Rxf3 gxf3+ 44. Kxf3 Bd6 45. Ke4 h4 46. Be1 h3 47. Bf2 f5+ 48. Kf3 Kf6 49. Bg1 Kg5 50. Be3+ Kf6 51. Bg1 Kg5 52. Be3+ Kf6 53. Bf4 Bc5 54. g4 fxg4+ 55. Kxg4 Ke6 56. Kxh3 Kd5 57. Kg4 Kc4 58. Be5 1-0

[Event "DSOL 2021"]
[Site "Germany"]
[Date "2021.02.25"]
[Round "4.4"]
[White "von Knobloch, Benedikt"]
[Black "Waffenschmidt, Joachim"]
[Result "*"]
[WhiteElo "1516"]
[BlackElo "2071"]
[Annotator "TA"]
[PlyCount "33"]
[EventDate "2021.01.18"]
[EventType "team-tourn"]
[EventCountry "GER"]
[SourceTitle "playchess.com"]
[Source "ChessBase"]
[SourceQuality "1"]

1. d4 d5 2. c4 c6 3. Nf3 Nf6 4. Nc3 e6 5. g3 Nbd7 6. Bg2 Be7 7. O-O O-O 8. b3 b6 9. Bb2 a5 10. e4 Ba6 11. Ne5 Rc8 12. Re1 dxc4 13. Nxc4 Bxc4 14. bxc4 e5 15. Ne2 Bb4 16. Rf1 Re8 17. Qc2 *

[Event "DSOL 2021"]
[Site "Germany"]
[Date "2021.02.22"]
[Round "4.4"]
[White "Tsakonas, Konstantinos"]
[Black "Ewert, Stefan"]
[Result "0-1"]
[WhiteElo "1417"]
[BlackElo "1620"]
[Annotator "NA RC"]
[PlyCount "91"]
[EventDate "2021.01.18"]
[EventType "team-tourn"]
[EventCountry "GER"]
[SourceTitle "playchess.com"]
[Source "ChessBase"]
[SourceQuality "1"]

1. d4 d5 2. c4 dxc4 3. Nf3 Nf6 4. g3 Nc6 5. Bg2 g6 6. O-O Bg7 7. Qa4 O-O 8. Qxc4 Be6 9. Qd3 Nb4 10. Qd2 Nxa2 11. Ng5 Bd5 12. Nf3 Nxc1 13. Rxc1 e6 14. Nc3 Bc6 15. Ne5 Bxg2 16. Kxg2 c5 17. e3 cxd4 18. exd4 Qd6 19. Nf3 a6 20. Na4 Nd5 21. Nc5 Qe7 22. Qd3 Rfd8 23. Qb3 Rab8 24. Rc2 h5 25. Re1 g5 26. Re4 Nf6 27. Re5 g4 28. Ng5 Nd5 29. Ngxe6 fxe6 30. Rxe6 Qf7 31. Rce2 Bxd4 32. Qd3 Bxc5 33. Rg6+ Kf8 34. Qc2 Rbc8 35. Ree6 Qf3+ 36. Kg1 Bxf2+ 37. Qxf2 Rc1+ 38. Re1 Rxe1+ 39. Qxe1 Ne7 40. Rg8+ Nxg8 41. Qb4+ Ne7 42. Qf4+ Qxf4 43. gxf4 Rd2 44. Kh1 Rxb2 45. Kg1 a5 46. f5 0-1

[Event "DSOL 2021"]
[Site "Germany"]
[Date "2021.02.26"]
[Round "4.4"]
[White "Mueller, Milo"]
[Black "Bahr, Torsten"]
[Result "1/2-1/2"]
[WhiteElo "1232"]
[BlackElo "1904"]
[Annotator "TA"]
[PlyCount "46"]
[EventDate "2021.01.18"]
[EventType "team-tourn"]
[EventCountry "GER"]
[SourceTitle "playchess.com"]
[Source "ChessBase"]
[SourceQuality "1"]
[WhiteTeam "SC Windischeschenbach"]
[BlackTeam "Eckernförder SC I"]

1. e4 c6 2. Nc3 d5 3. Nf3 Bg4 4. h3 Bxf3 5. Qxf3 e6 6. d3 Nd7 7. g3 Ngf6 8. Bg2 Bb4 9. O-O O-O 10. a3 Bxc3 11. bxc3 dxe4 12. dxe4 Ne5 13. Qe2 b5 14. Bg5 Rc8 15. a4 a6 16. Rfd1 Qe7 17. axb5 axb5 18. Kh1 h6 19. Bxf6 Qxf6 20. f4 Nc4 21. e5 Qe7 22. Qf2 Rfd8 23. Rd3 Nb2 1/2-1/2